|
|
|
|
| LEADER |
00000cam a2200000Ma 4500 |
| 001 |
000040539 |
| 003 |
OCoLC |
| 005 |
20070627101548.0 |
| 008 |
290607s1971 mx f 000 0 spa d |
| 020 |
|
|
|a 9685828903
|
| 020 |
|
|
|a 9789685828901
|
| 035 |
|
|
|a (OCoLC)48301073
|
| 040 |
|
|
|a EL
|$ bspa
|c EL
|$ dOCLCQ
|
| 050 |
|
4 |
|a QA273
|b R3.6
|
| 084 |
|
|
|a 519.1
|b R2221in
|
| 090 |
|
|
|a QA273
|b R3.6
|
| 099 |
|
0 |
|a QA273
|b R37 1971
|
| 100 |
1 |
|
|a Rascón Chávez, Octavio A.
|
| 245 |
1 |
0 |
|a Introducción a la teoría de probabilidades.
|
| 260 |
|
|
|a México :
|b Universidad Nacional Autónoma de México,
|c 1971.
|
| 300 |
|
|
|a xiv, 432 p. :
|b ilus. ;
|c 23 cm.
|
| 440 |
|
0 |
|a Textos programados
|
| 650 |
|
4 |
|a Probabilidades
|x Enseñanza programada
|
| 905 |
|
|
|a LIBROS
|
| 949 |
|
|
|a Biblioteca UAM Iztapalapa
|b Colección General
|c QA273 R3.6
|